Faultlines: Writings on Conflict and Resolution Vol 19 (Record no. 223049)

MARC details
000 -LEADER
fixed length control field 00672nam a22002297a 4500
005 - DATE AND TIME OF LATEST TRANSACTION
control field 20220521100158.0
008 - FIXED-LENGTH DATA ELEMENTS--GENERAL INFORMATION
fixed length control field 220521b ||||| |||| 00| 0 eng d
020 ## - INTERNATIONAL STANDARD BOOK NUMBER
International Standard Book Number 8187553197
040 ## - CATALOGING SOURCE
Transcribing agency AL
041 ## - LANGUAGE CODE
Language code of text/sound track or separate title English
082 ## - DEWEY DECIMAL CLASSIFICATION NUMBER
Edition number 23
Classification number 300
Item number GILF
100 ## - MAIN ENTRY--PERSONAL NAME
Personal name K P S Gill and others
100 ## - MAIN ENTRY--PERSONAL NAME
9 (RLIN) 38351
245 ## - TITLE STATEMENT
Title Faultlines: Writings on Conflict and Resolution Vol 19
260 ## - PUBLICATION, DISTRIBUTION, ETC.
Place of publication, distribution, etc. New Delhi
Name of publisher, distributor, etc. The Institute for Conflict Management
Date of publication, distribution, etc. 2008
300 ## - PHYSICAL DESCRIPTION
Extent v,156 p.
Other physical details PB
Dimensions 21.5x13.5 cm.
650 ## - SUBJECT ADDED ENTRY--TOPICAL TERM
Topical term or geographic name entry element Faultlines
9 (RLIN) 38352
650 ## - SUBJECT ADDED ENTRY--TOPICAL TERM
Topical term or geographic name entry element Conflict
9 (RLIN) 38353
650 ## - SUBJECT ADDED ENTRY--TOPICAL TERM
Topical term or geographic name entry element Resolution
9 (RLIN) 38354
700 ## - ADDED ENTRY--PERSONAL NAME
Personal name GILL (K P S) Ed
9 (RLIN) 38355
700 ## - ADDED ENTRY--PERSONAL NAME
Personal name SAHNI (AJAI) Ed
9 (RLIN) 38356
942 ## - ADDED ENTRY ELEMENTS (KOHA)
Source of classification or shelving scheme Dewey Decimal Classification
Koha item type George Fernandes Collections
Holdings
Withdrawn status Lost status Source of classification or shelving scheme Damaged status Not for loan Collection code Home library Current library Date acquired Total Checkouts Full call number Barcode Date last seen Price effective from Koha item type
    Dewey Decimal Classification     Sociology St Aloysius Library St Aloysius Library 03/24/2013   300 GILF GF02293 05/21/2022 05/21/2022 George Fernandes Collections